000 00466nam a2200181Ia 4500
001 9582
005 20260306161729.0
008 260306t1991||||xx |||||||||||||| ||spa||
041 _aESP
082 _a382.1
_bS17
100 _aSalacuse, Jeswald W.
_eAUT
245 0 _aMaking global deals:
_bNegotiating in the internacional marketplace
260 _c1991
300 _axi : 193 páginas :
_c21 cm.
650 _aGEN
654 _aCAN
942 _cLIB
_dJUS
_fJUS
_2ddc
_n
999 _c9582
_d9582